Villes ayant accueilli des matchs de la Coupe d'Océanie - Statistiques

Statistiques générales
  • Ce quiz a été pris 5 fois
  • Le résultat moyen est 5 sur 10
Statistiques - réponses
Pays Ville % Correct
Australie Sydney
100%
Australie Adelaide
60%
Nouvelle Zelande Auckland
60%
Australie Brisbane
40%
Iles Salomon Honiara
40%
Nouvelle Calédonie Nouméa
40%
Tahiti Pirae/Papeete
40%
Papouasie Nouvelle Guinée Port Moresby
40%
Vanuatu Port Vila
40%
Fidji Suva
40%
Aucun quiz correspondant
Distribution des résultats
% des personnes avec chaque résultat
Percentile par nombre de réponses
Votre historique - résultats
Vous n’avez pas pris ce quiz